Loreto College Library, Kolkata
WEBOPAC (ONLINE PUBLIC ACCESS CATALOGUE)

Intepretation and making of Geological Maps (Record no. 776)

MARC details
000 -LEADER
fixed length control field 00618nam a2200217Ia 4500
005 - DATE AND TIME OF LATEST TRANSACTION
control field 20220725152619.0
008 - FIXED-LENGTH DATA ELEMENTS--GENERAL INFORMATION
fixed length control field 131103s9999 xx 000 0 und d
020 ## - ISBN | অাই এস বি এন
PRICE Rs. 10
040 ## - CATALOGING SOURCE
Original cataloging agency Loreto College
041 ## - LANGUAGE CODE
Language code English
082 ## - DDC | ডিউই
Classification number | বর্গসংখ্যা 526.8
Book Number | গ্রন্থাঙ্ক RAY
100 ## - MAIN ENTRY--PERSONAL NAME | মুখ্য সংলেখ - ব্যাক্তিনাম
Personal name | ব্যাক্তিনাম Ray,S.
245 ## - TITLE STATEMENT | অাখ্যা বিবরণী
Title | অাখ্যা Intepretation and making of Geological Maps
Statement of responsibility | লেখকের দায়িত্বের বিবরণ S.Ray
260 ## - IMPRINT | প্রকাশনা ক্ষেত্র
Place of publication | প্রকাশ স্থান Kolkata
Name of publisher | প্রকাশকের নাম A.Ray
Date of publication | প্রকাশ কাল 1965
300 ## - PHYSICAL DESCRIPTION |
Page / Vol. No | পৃষ্ঠা / খন্ড সংখ্যা 94 p.
Other physical details | অনান্য বাহ্যিক বিবরণ ill. figures
504 ## - BIBLIOGRAPHY, ETC. NOTE
Bibliography, etc First edition. April 1965,copyright S.Roy, Printing by Sunil Roy, Kolkata
650 ## - SUBJECT ADDED ENTRY--TOPICAL TERM | বিষয় শিরোনাম - মূল বিষয়
Topical term | মূল বিষয় Map projection -
651 ## - SUBJECT ADDED ENTRY--GEOGRAPHIC NAME | বিষয় শিরোনাম - ভৌগলিক নাম
Geographic name | ভৌগলিক বিষয় Mathematical geography - Maps -
850 ## - HOLDING INSTITUTION
Holding institution LCLIB
942 ## - ADDED ENTRY ELEMENTS (KOHA)
Koha item type Books
Holdings
Withdrawn status Lost status Source of classification Damaged status Not for loan Home library Current library Date acquired Total Checkouts Full call number Accession No. Date last seen Date checked out Price effective from Koha item type Coded location qualifier
    Dewey Decimal Classification     Loreto College Loreto College 04/11/2013 1 526.8 RAY 12019 B785 21/02/2014 19/02/2014 04/11/2013 Books